| 000 | 00471nam a2200169 i 4500 | ||
|---|---|---|---|
| 001 | 32788 | ||
| 003 | ES-MaACL | ||
| 005 | 20230906154632.0 | ||
| 007 | t| | ||
| 008 | 030131s1971 sp ||||1| cat d | ||
| 100 | 1 |
_aBertrana, Aurora. _928513 |
|
| 245 | 1 | 3 |
_aLa ciutat dels joves _b: reportatge fantasia... / _cAurora Bertrana. |
| 250 | _a[1ª ed.]. | ||
| 260 |
_aBarcelona : _bPáortic, _c[1971] |
||
| 300 |
_a117 p. ; _c18 cm. |
||
| 852 |
_aES-MaACL _jC-41608 _bR.79652 |
||
| 999 |
_c32788 _d32788 |
||